000 00764nam a22002177a 4500
999 _c14955
_d14955
003 AR-CdUCM
008 190425b ||||| |||| 00| 0 spa d
020 _a978-607-21-0614-7
040 _aMUNICIPALIDAD PROVINCIAL DEL CUSCO
_cBIBLIOTECA MUNICIPAL DEL CUSCO
082 _aPI / 900 /
_bL25
100 _aLevallois, Marie Pierre
_933938
245 _aMi primer Larousse de los dinosaurios /
260 _aMéxico :
_bLarousse,
_c2014.
300 _a160 página ;
_bIlustraciones,
_c23 cm.
505 _aContenido: Albertosaurio -- Alosaurio -- Anatotitan -- Anfibio -- Anquilosaurio -- Anurognathus...
650 _aDinosaurios
_933093
650 _aInfantil
_96210
650 _aColección larousse
_933939
942 _2ddc
_cLIBROS
945 _adavv
_d25/04/2019